000 00600nam a2200229Ia 4500
003 OSt
005 20221007071232.0
006 a|||||r|||| 00| 0
007 ta
008 221006b |||||||| |||| 00| 0 eng d
024 _a10,479
037 _cTextual
040 _aFLL
_cFLL
_beng
041 _2eng
_aeng
082 _aN:Z1, J9
100 _aHollander Barnett Au.
_9688380
245 0 _aInternational law of art
260 _aLondon
_bBowes & Bowes London
_c1959
300 _a387p
_ccm.
942 _hN:Z1, J9
_cTEXL
_2CC
999 _c1142828
_d1142828